[Event "1. liga V 18/19, Trinec-Jundrov"]
[Site ""]
[Date "2018.10.21"]
[Round "1.1"]
[White "Stohl, Igor"]
[Black "Bures, Jaroslav"]
[Result "1/2-1/2"]
[WhiteElo "2500"]
[BlackElo "2396"]
[PlyCount "0"]
[WhiteTeam "TZ Trinec"]
[BlackTeam "Jezdci Jundrov"]
[EventDate "2018.10.21"]

1. d4 d5 2. c4 c6 3. Nf3 Nf6 4. e3 g6 5. Nc3 Bg7 6. Be2 O-O 7. O-O Bg4 8. cxd5
cxd5 9. Qb3 Bc8 10. Ne5 e6 11. Bd2 Nbd7 12. Rac1 Nxe5 13. dxe5 Nd7 14. f4 a6
15. Na4 Re8 16. Bb4 b5 17. Nc5 a5 18. Bd2 1/2-1/2

[Event "1. liga V 18/19, Trinec-Jundrov"]
[Site ""]
[Date "2018.10.21"]
[Round "1.2"]
[White "Buchnicek, Petr"]
[Black "Szotkowski, Jakub"]
[Result "0-1"]
[WhiteElo "2321"]
[BlackElo "2348"]
[PlyCount "0"]
[WhiteTeam "Jezdci Jundrov"]
[BlackTeam "TZ Trinec"]
[EventDate "2018.10.21"]

1. e4 c6 2. d4 d5 3. exd5 cxd5 4. Bd3 Nc6 5. c3 Nf6 6. Bf4 Bg4 7. Qb3 Qd7 8. h3
Bh5 9. Nd2 Bg6 10. Bxg6 hxg6 11. Ngf3 e6 12. O-O Be7 13. Rad1 O-O 14. Ne5 Qc8
15. Rde1 Nd7 16. Nd3 a6 17. Nf3 b5 18. Nfe5 Ncxe5 19. Nxe5 Nxe5 20. Bxe5 Qc6
21. Re3 Rfc8 22. Qd1 b4 23. h4 Bxh4 24. cxb4 Qc2 25. Qg4 Bf6 26. Bxf6 gxf6 27.
Qf4 Kg7 28. Rh3 g5 29. Qg4 Qxb2 30. a3 Rh8 31. Rd1 Rxh3 32. Qxh3 a5 33. Qe3
axb4 34. axb4 Ra2 35. Qe1 Kf8 36. g3 Qe2 37. Qxe2 Rxe2 38. Rb1 Ke8 39. b5 Kd8
40. Kf1 Re4 41. b6 Kc8 42. Rc1+ Kb7 43. Rc7+ Kxb6 44. Rxf7 g4 45. Rxf6 Kb5 46.
f3 gxf3 47. Kf2 Kc4 48. Kxf3 Kxd4 49. g4 Ke5 50. Rf7 Re1 51. Kf2 Rh1 52. Rf3 d4
53. g5 Rh2+ 54. Kg3 Rh8 55. Kg4 Rg8 56. Kh5 Ke4 57. Rf6 e5 58. g6 Ke3 59. Kg5
d3 60. Re6 d2 61. Rxe5+ Kd4 62. Re7 Rd8 0-1

[Event "1. liga V 18/19, Trinec-Jundrov"]
[Site ""]
[Date "2018.10.21"]
[Round "1.3"]
[White "Walek, Milan"]
[Black "Pisk, Petr"]
[Result "1/2-1/2"]
[WhiteElo "2300"]
[BlackElo "2324"]
[PlyCount "0"]
[WhiteTeam "TZ Trinec"]
[BlackTeam "Jezdci Jundrov"]
[EventDate "2018.10.21"]

1. e4 c5 2. Nf3 Nc6 3. Nc3 e6 4. d4 cxd4 5. Nxd4 Qc7 6. Be3 a6 7. Bd3 Nf6 8. h3
Nxd4 9. Bxd4 Bc5 10. Bxc5 Qxc5 11. Qd2 e5 12. O-O-O b5 13. Rhe1 O-O 14. f4 Bb7
15. Nd5 Bxd5 16. fxe5 Nxe4 17. Bxe4 Bxe4 18. Rxe4 Rac8 1/2-1/2

[Event "1. liga V 18/19, Trinec-Jundrov"]
[Site ""]
[Date "2018.10.21"]
[Round "1.4"]
[White "Musil, Jiri"]
[Black "Sikorova, Olga"]
[Result "0-1"]
[WhiteElo "2193"]
[BlackElo "2276"]
[PlyCount "0"]
[WhiteTeam "Jezdci Jundrov"]
[BlackTeam "TZ Trinec"]
[EventDate "2018.10.21"]

1. d4 Nf6 2. c4 g6 3. Nc3 Bg7 4. e4 d6 5. Nf3 O-O 6. Be2 e5 7. O-O Nc6 8. d5
Ne7 9. b4 Nh5 10. Re1 f5 11. Nd2 Nf6 12. f3 Bh6 13. Nb3 Bxc1 14. Rxc1 f4 15. c5
a6 16. a4 g5 17. a5 Bd7 18. Nd2 h5 19. Nc4 Nc8 20. h3 Qe8 21. Kf2 Rf7 22. Rh1
Rg7 23. Qg1 Qe7 24. Ke1 Kf7 25. cxd6 Nxd6 26. Qc5 Be8 27. Nd1 Kg6 28. Nxd6 cxd6
29. Qb6 Rb8 30. Nb2 Qd8 31. Nc4 Rd7 32. Qxd8 Rbxd8 33. Kd2 g4 34. Nb6 Rg7 35.
hxg4 hxg4 36. Rc8 Rxc8 37. Nxc8 Rd7 38. Rc1 Kg5 39. Kc3 Kh4 40. Kb3 Kg3 41. Rc2
Bh5 42. b5 gxf3 43. gxf3 Nxe4 44. bxa6 bxa6 45. Bxa6 Bxf3 46. Bb5 Rd8 47. Nb6
Bd1 48. a6 Nc5+ 49. Kc3 Bxc2 50. Kxc2 Nxa6 51. Bxa6 e4 52. Nc4 Kf2 53. Nd2 Ke3
54. Nc4+ Kd4 55. Nd2 Ra8 56. Nb3+ Ke3 57. Bc4 Ra2+ 58. Kc3 Ra3 59. Kb2 Rxb3+
60. Kxb3 Kd2 0-1

[Event "1. liga V 18/19, Trinec-Jundrov"]
[Site ""]
[Date "2018.10.21"]
[Round "1.5"]
[White "Frolik, Martin"]
[Black "Hosek, Martin"]
[Result "1/2-1/2"]
[WhiteElo "2187"]
[BlackElo "2140"]
[PlyCount "0"]
[WhiteTeam "TZ Trinec"]
[BlackTeam "Jezdci Jundrov"]
[EventDate "2018.10.21"]

1. d4 Nf6 2. c4 g6 3. Nc3 d5 4. Nf3 Bg7 5. cxd5 Nxd5 6. e4 Nxc3 7. bxc3 c5 8.
Rb1 O-O 9. Be2 Nc6 10. d5 Bxc3+ 11. Bd2 Bxd2+ 12. Qxd2 Na5 13. h4 Bg4 14. h5
Bxf3 15. gxf3 e5 16. f4 exf4 17. Qxf4 g5 18. Qe3 Qe7 19. Rg1 f6 20. f4 Rae8 21.
e5 Kh8 22. e6 Qd6 23. Qd2 b6 24. fxg5 Qh2 25. Qe3 Qh4+ 26. Qg3 fxg5 27. Qxh4
gxh4 28. Bb5 Re7 29. Ba6 Nc6 30. dxc6 Rxe6+ 31. Be2 Rfe8 32. Rb2 Rxc6 33. Rg4
a6 34. Rxh4 b5 35. Rf4 c4 36. Kf2 Rd6 37. Rc2 Kg7 38. Bf3 Rd3 39. Rg4+ Kf6 40.
Rf4+ Kg7 41. Kf1 c3 42. Rg2+ Kh8 43. Rf7 Rc8 44. Rxh7+ Kxh7 45. Be4+ Kh6 46.
Bxd3 Kxh5 47. Ke1 Rd8 48. Rg3 b4 49. Kd1 a5 50. Kc2 a4 51. Re3 b3+ 52. axb3
axb3+ 53. Kxb3 Kg5 54. Kxc3 Rc8+ 55. Kd2 Kf6 56. Re4 Rc7 57. Ke3 Re7 58. Rxe7
1/2-1/2

[Event "1. liga V 18/19, Trinec-Jundrov"]
[Site ""]
[Date "2018.10.21"]
[Round "1.6"]
[White "Skacelik, Petr"]
[Black "Sikora, Jan"]
[Result "1/2-1/2"]
[WhiteElo "2181"]
[BlackElo "2176"]
[PlyCount "0"]
[WhiteTeam "Jezdci Jundrov"]
[BlackTeam "TZ Trinec"]
[EventDate "2018.10.21"]

1. d4 Nf6 2. c4 e6 3. Nc3 Bb4 4. Qc2 O-O 5. a3 Bxc3+ 6. Qxc3 d5 7. Bg5 c5 8.
dxc5 d4 9. Qc2 e5 10. Nf3 Re8 11. e3 h6 12. Bh4 Nbd7 13. O-O-O dxe3 14. c6 bxc6
15. fxe3 Qb6 16. Bf2 Nc5 17. Nd2 Bg4 18. Re1 a5 19. h3 Bh5 20. e4 Red8 21. Bxc5
Qxc5 22. g4 Bg6 23. Nf3 Ra7 24. Rh2 Rad7 25. Rhe2 Ne8 26. Qc3 f6 27. Rd2 Nc7
28. Rxd7 Rxd7 29. Qe3 Ne6 30. Bd3 Nd4 31. Kb1 Bf7 32. Nxd4 Qxd4 33. Kc2 Bxc4
34. Qxd4 Rxd4 35. Bxc4+ Rxc4+ 36. Kd3 Rd4+ 37. Ke3 c5 38. Re2 Rd1 39. Rc2 Rh1
40. Rxc5 Rxh3+ 41. Kd2 Kf7 42. Rxa5 Ke6 43. Ra6+ Kd7 44. Ra7+ Kc6 45. Rxg7 Kc5
46. Rg6 Kd4 47. Rxf6 Rh2+ 48. Kc1 Kxe4 49. a4 Kd3 50. Kb1 e4 51. Rd6+ Kc4 52.
Ka2 e3 53. a5 e2 54. Re6 Rf2 55. a6 Rf6 56. Rxe2 Rxa6+ 57. Kb1 Rg6 58. Re4+ Kb3
59. Rf4 Rg5 60. Rf3+ Kb4 61. Rf6 Rxg4 62. Rxh6 Rf4 63. Ka2 Rg4 64. Rh8 Rg6 65.
Rb8+ Ka4 66. b3+ Ka5 67. Ka3 Rh6 68. Rg8 Rf6 69. b4+ Kb6 70. Ka4 Rh6 71. Rg5
Rf6 72. Rb5+ Ka6 73. Rb8 Ka7 74. Rh8 Kb6 1/2-1/2

[Event "1. liga V 18/19, Trinec-Jundrov"]
[Site ""]
[Date "2018.10.21"]
[Round "1.7"]
[White "Fargac, Martin"]
[Black "Sedlacek, Petr"]
[Result "1-0"]
[WhiteElo "2226"]
[BlackElo "2074"]
[PlyCount "0"]
[WhiteTeam "TZ Trinec"]
[BlackTeam "Jezdci Jundrov"]
[EventDate "2018.10.21"]

1. d4 d5 2. Bf4 e6 3. e3 Nf6 4. Nd2 c5 5. c3 Nc6 6. Ngf3 Be7 7. Bd3 c4 8. Bc2
b5 9. a3 Bb7 10. Ne5 Nd7 11. Qg4 Bf6 12. Ndf3 Qe7 13. h4 Bxe5 14. dxe5 O-O-O
15. O-O-O Nc5 16. h5 h6 17. Nd4 Nxd4 18. exd4 Nb3+ 19. Kb1 a5 20. Qxg7 b4 21.
cxb4 axb4 22. Rh3 bxa3 23. Bxb3 cxb3 24. Rxb3 axb2 25. Qf6 Qd7 26. Kxb2 Kb8 27.
Bd2 Rc8 28. Bb4 Qc6 29. Bd6+ Ka8 30. Ra1+ Ba6 31. Rxa6+ Qxa6 32. Ra3 1-0

[Event "1. liga V 18/19, Trinec-Jundrov"]
[Site ""]
[Date "2018.10.21"]
[Round "1.8"]
[White "Tovarek, Antonin"]
[Black "Pilch, Roman"]
[Result "0-1"]
[WhiteElo "1985"]
[BlackElo "2120"]
[PlyCount "0"]
[WhiteTeam "Jezdci Jundrov"]
[BlackTeam "TZ Trinec"]
[EventDate "2018.10.21"]

1. e4 c5 2. c3 Nf6 3. e5 Nd5 4. d4 cxd4 5. Nf3 Nc6 6. cxd4 d6 7. Bc4 Nb6 8. Bb3
d5 9. Nc3 Bg4 10. Be3 e6 11. O-O Be7 12. Rc1 Rc8 13. Na4 Nxa4 14. Bxa4 Qb6 15.
Qb3 Qxb3 16. Bxc6+ Rxc6 17. axb3 Rxc1 18. Rxc1 Kd7 19. Kf1 Bxf3 20. gxf3 Rc8
21. Rxc8 Kxc8 22. Ke2 Kd7 23. Kd3 f6 24. f4 Bb4 25. Ke2 Ke7 26. Kf3 Kf7 27. Kg3
Kg6 28. Kg4 h5+ 29. Kg3 Kf5 30. f3 g6 31. Kf2 Bf8 32. h4 Bh6 33. Kg3 b6 34. b4
fxe5 35. dxe5 d4 36. Bd2 a6 37. b3 a5 38. bxa5 bxa5 39. Bxa5 Bxf4+ 40. Kf2 Bxe5
41. Ke2 g5 42. b4 gxh4 43. b5 d3+ 44. Kf1 Kf4 45. Bd2+ Kxf3 0-1

[Event "1. liga V 18/19, Orlova-BSS F-M"]
[Site ""]
[Date "2018.10.21"]
[Round "1.1"]
[White "Mrazek, Lumir"]
[Black "Jasny, Stanislav"]
[Result "1/2-1/2"]
[WhiteElo "2356"]
[BlackElo "2375"]
[PlyCount "0"]
[WhiteTeam "SK Slavia Orlova"]
[BlackTeam "BSS Frydek-Mistek "B""]
[EventDate "2018.10.21"]

1. e4 c5 2. Nc3 e6 3. f4 d5 4. Bb5+ Bd7 5. Bxd7+ Qxd7 6. d3 Nc6 7. Nf3 dxe4 8.
Nxe4 Nf6 9. O-O Nxe4 10. dxe4 O-O-O 11. Be3 Qxd1 12. Raxd1 Rxd1 13. Rxd1 Be7
14. Kf2 Rd8 15. Rxd8+ Kxd8 16. c3 1/2-1/2

[Event "1. liga V 18/19, Orlova-BSS F-M"]
[Site ""]
[Date "2018.10.21"]
[Round "1.2"]
[White "Piesik, Piotr"]
[Black "Nedela, Vlastimil"]
[Result "1/2-1/2"]
[WhiteElo "2412"]
[BlackElo "2308"]
[PlyCount "0"]
[WhiteTeam "BSS Frydek-Mistek "B""]
[BlackTeam "SK Slavia Orlova"]
[EventDate "2018.10.21"]

1. d4 Nf6 2. Nf3 e6 3. c4 Bb4+ 4. Bd2 Qe7 5. g3 b6 6. Bg2 Bb7 7. O-O Bxd2 8.
Nbxd2 d6 9. Re1 O-O 10. e4 e5 11. d5 a5 12. b3 Nbd7 13. Nb1 g6 1/2-1/2

[Event "1. liga V 18/19, Orlova-BSS F-M"]
[Site ""]
[Date "2018.10.21"]
[Round "1.3"]
[White "Olsarova, Karolina"]
[Black "Vesselovsky, Serguei"]
[Result "1/2-1/2"]
[WhiteElo "2303"]
[BlackElo "2328"]
[PlyCount "0"]
[WhiteTeam "SK Slavia Orlova"]
[BlackTeam "BSS Frydek-Mistek "B""]
[EventDate "2018.10.21"]

1. e4 c5 2. Nf3 d6 3. d4 cxd4 4. Nxd4 Nf6 5. Nc3 g6 6. g3 Nc6 7. Nde2 Bg7 8.
Bg2 O-O 9. O-O Rb8 10. a4 a6 11. h3 b5 12. axb5 axb5 13. Be3 b4 14. Nd5 Nd7 15.
Rb1 e6 16. Ndf4 Qc7 17. Qd2 Nce5 18. b3 Nc5 19. g4 Bb7 20. Ng3 Bc6 1/2-1/2

[Event "1. liga V 18/19, Orlova-BSS F-M"]
[Site ""]
[Date "2018.10.21"]
[Round "1.4"]
[White "Rabatin, Jakub"]
[Black "Tomaszewski, Kacper"]
[Result "1/2-1/2"]
[WhiteElo "2300"]
[BlackElo "2246"]
[PlyCount "0"]
[WhiteTeam "BSS Frydek-Mistek "B""]
[BlackTeam "SK Slavia Orlova"]
[EventDate "2018.10.21"]

1. e4 c6 2. d4 d5 3. Nc3 dxe4 4. Nxe4 Bf5 5. Ng3 Bg6 6. Bc4 Nf6 7. N1e2 Nd5 8.
Nf4 e6 9. Nxg6 hxg6 10. Ne4 Nd7 11. Qf3 Be7 12. Bb3 a5 13. c3 N7f6 14. Ng5 Qc7
15. h3 Bd6 16. O-O a4 17. Bc2 O-O 18. a3 b5 19. Bd2 e5 20. dxe5 Bxe5 21. Rad1
Rae8 22. Rfe1 Re7 23. Ne4 Rfe8 24. Nxf6+ Nxf6 25. Kf1 c5 26. g3 Re6 27. Kg2 c4
28. Bc1 Bd6 29. Rxe6 Rxe6 30. Be3 Re8 31. Rd2 Be5 32. Bg5 Nh7 33. Be3 Nf6 34.
Rd1 Bd6 35. Rd2 Be5 1/2-1/2

[Event "1. liga V 18/19, Orlova-BSS F-M"]
[Site ""]
[Date "2018.10.21"]
[Round "1.5"]
[White "Zabystrzan, Pavel"]
[Black "Stepan, Patrik"]
[Result "1/2-1/2"]
[WhiteElo "2209"]
[BlackElo "2245"]
[PlyCount "0"]
[WhiteTeam "SK Slavia Orlova"]
[BlackTeam "BSS Frydek-Mistek "B""]
[EventDate "2018.10.21"]

1. Nf3 Nf6 2. c4 e6 3. e3 b6 4. Be2 Bb7 5. b3 Be7 6. Bb2 c5 7. O-O O-O 8. d4
cxd4 9. Nxd4 d5 10. cxd5 Nxd5 11. Nc3 Nxc3 12. Bxc3 Nc6 13. Nxc6 1/2-1/2

[Event "1. liga V 18/19, Orlova-BSS F-M"]
[Site ""]
[Date "2018.10.21"]
[Round "1.6"]
[White "Kozel, Jiri"]
[Black "Lojek, Marek"]
[Result "0-1"]
[WhiteElo "2123"]
[BlackElo "2196"]
[PlyCount "0"]
[WhiteTeam "BSS Frydek-Mistek "B""]
[BlackTeam "SK Slavia Orlova"]
[EventDate "2018.10.21"]

1. e4 c5 2. Nf3 d6 3. d4 cxd4 4. Nxd4 Nf6 5. Nc3 a6 6. Be2 e5 7. Nb3 Be7 8. O-O
Be6 9. f4 Qc7 10. Kh1 Nbd7 11. f5 Bc4 12. Bxc4 Qxc4 13. Qf3 Nb6 14. Bg5 O-O 15.
Nd2 Qc7 16. Rac1 Rac8 17. g4 Qd8 18. h4 h6 19. Be3 Nfd7 20. Nd5 Nxd5 21. exd5
Bxh4 22. c4 Nf6 23. Qh3 Nh7 24. Kg2 Bg5 25. Ne4 Bxe3 26. Qxe3 f6 27. Qa3 Ng5
28. Nxd6 Rc7 29. Rfe1 Qe7 30. c5 Rd8 31. Qb3 Rxc5 32. Rxc5 Qxd6 33. Rec1 Ne4
34. Rc8 Kh7 35. Rxd8 Qxd8 36. Qd3 Nd6 37. b3 Qa5 38. Rc2 Qb4 39. Qe2 Qf4 40.
Rc4 Nxc4 41. bxc4 Qd4 42. a4 Kg8 43. Kf1 Kf7 44. Qc2 Qf4+ 45. Ke1 Qg3+ 46. Kd2
Qf2+ 47. Kc3 Qxc2+ 48. Kxc2 b6 49. Kc3 Ke7 50. Kb4 Kd6 51. a5 bxa5+ 52. Kxa5 e4
53. Kb6 e3 54. c5+ Kxd5 55. c6 e2 56. c7 e1=Q 57. c8=Q Qb4+ 58. Kxa6 Qc4+ 0-1

[Event "1. liga V 18/19, Orlova-BSS F-M"]
[Site ""]
[Date "2018.10.21"]
[Round "1.7"]
[White "Kubos, Rostislav"]
[Black "Taus, Martin"]
[Result "1/2-1/2"]
[WhiteElo "2174"]
[BlackElo "2108"]
[PlyCount "0"]
[WhiteTeam "SK Slavia Orlova"]
[BlackTeam "BSS Frydek-Mistek "B""]
[EventDate "2018.10.21"]

1. Nf3 Nf6 2. g3 g6 3. b3 Bg7 4. Bb2 O-O 5. Bg2 d6 6. d4 c6 7. O-O Nbd7 8. Nbd2
b5 9. a4 Bb7 10. Ne1 a6 11. Nd3 Re8 12. h3 Qb6 13. c4 e5 14. c5 dxc5 15. dxe5
Nd5 16. a5 Qa7 17. Rc1 Nb4 18. Nxb4 cxb4 19. Ne4 Nxe5 20. Qc2 Rad8 21. Nc5 Bc8
22. Kh1 Bh6 23. Ne4 Bg7 24. f4 f5 25. fxe5 fxe4 26. Bxe4 1/2-1/2

[Event "1. liga V 18/19, Orlova-BSS F-M"]
[Site ""]
[Date "2018.10.21"]
[Round "1.8"]
[White "Mica, Marek"]
[Black "Sramek, Vojtech"]
[Result "0-1"]
[WhiteElo "2164"]
[BlackElo "2169"]
[PlyCount "0"]
[WhiteTeam "BSS Frydek-Mistek "B""]
[BlackTeam "SK Slavia Orlova"]
[EventDate "2018.10.21"]

1. d4 d5 2. c4 c6 3. Nc3 Nf6 4. Nf3 e6 5. e3 Nbd7 6. Qc2 Bd6 7. Bd3 O-O 8. O-O
h6 9. b3 b6 10. cxd5 exd5 11. Bb2 Bb7 12. Rac1 Rc8 13. Rfd1 Qe7 14. Bf1 Ne4 15.
Nxe4 dxe4 16. Nd2 Nf6 17. g3 c5 18. Qb1 cxd4 19. Bxd4 Bc5 20. Bxc5 Rxc5 21.
Rxc5 Qxc5 22. Bg2 Re8 23. Nc4 Nd5 24. Rd4 f5 25. Qd1 b5 26. Na5 Ba8 27. Qh5 Rf8
28. Qg6 Qc1+ 29. Bf1 Nxe3 30. Qe6+ Kh8 31. fxe3 Qxe3+ 32. Kg2 Qxd4 33. Kh3 e3
34. Be2 Qd2 35. Qe7 Rg8 36. Bf1 Qxa5 37. Bd3 Bg2+ 38. Kh4 Qd8 0-1

[Event "1. liga V 18/19, Polabiny- RnK"]
[Site ""]
[Date "2018.10.21"]
[Round "1.1"]
[White "Varejcko, Josef"]
[Black "Sabuk, Piotr"]
[Result "1-0"]
[WhiteElo "2218"]
[BlackElo "2403"]
[PlyCount "0"]
[WhiteTeam "2222 SK Polabiny "C""]
[BlackTeam "Panda Rychnov n. K."]
[EventDate "2018.10.21"]

1. d4 Nf6 2. Nf3 e6 3. g3 b5 4. Bg2 Bb7 5. c3 c5 6. O-O Na6 7. a4 b4 8. Nbd2 d5
9. e4 cxd4 10. Nxd4 dxe4 11. Qe2 Nc5 12. Qb5+ Nfd7 13. Qxb4 Rb8 14. Qa3 e5 15.
Nf5 Ba6 16. b4 Bxf1 17. Bxf1 g6 18. Ne3 Ne6 19. Nxe4 Be7 20. Nc4 O-O 21. Bh6
Ng7 22. Rd1 Qc7 23. Ned6 Nb6 24. Nxb6 axb6 25. Nb5 Qc8 26. Qb3 Qf5 27. Bc4 Rbd8
28. Bd5 Rd7 29. c4 Rfd8 30. Be3 Rb8 31. a5 bxa5 32. bxa5 Ne6 33. a6 Nc5 34. Qa2
Nxa6 35. Qxa6 Kg7 36. Qa4 h5 37. c5 Rxd5 38. Rxd5 Qb1+ 39. Rd1 Qxb5 40. Qxb5
Rxb5 41. c6 Rb8 42. c7 Rc8 43. Bb6 Kf6 44. Rd8 Rxc7 45. Bxc7 Bxd8 46. Bxd8+ Kf5
47. h4 1-0

[Event "1. liga V 18/19, Polabiny- RnK"]
[Site ""]
[Date "2018.10.21"]
[Round "1.2"]
[White "Kozusek, Daniel"]
[Black "Jirasek, Pavel"]
[Result "1-0"]
[WhiteElo "2367"]
[BlackElo "2249"]
[PlyCount "0"]
[WhiteTeam "Panda Rychnov n. K."]
[BlackTeam "2222 SK Polabiny "C""]
[EventDate "2018.10.21"]

1. d4 Nf6 2. Bg5 e6 3. e4 h6 4. Bxf6 Qxf6 5. c3 d5 6. Bd3 dxe4 7. Bxe4 Bd6 8.
Nf3 O-O 9. O-O Nd7 10. Nbd2 e5 11. Bc2 exd4 12. Ne4 Qe7 13. Qd3 g6 14. Qd2 Be5
15. Nxe5 Qxe5 16. cxd4 Qg7 17. Qf4 c6 18. Rfe1 a5 19. a4 Ra6 20. b3 Rb6 21. Qc7
Rb4 22. Nd6 Nb6 23. Nxc8 Nxc8 24. d5 cxd5 25. Qxa5 Qc3 26. Rac1 Rxb3 27. Qxd5
Rb2 28. Bxg6 Qf6 29. Bf5 Ne7 30. Qe5 Qxe5 31. Rxe5 Nxf5 32. Rxf5 Ra2 33. Rb5
Rxa4 34. Rxb7 Rfa8 35. g3 Ra1 36. Rxa1 Rxa1+ 37. Kg2 Kg7 38. Rb6 Ra2 39. Rd6
Rb2 40. Ra6 Rc2 41. g4 Rb2 42. Ra3 Kg6 43. Kg3 Rb1 44. f4 Rb6 45. Ra5 Rb3+ 46.
Kh4 Rf3 47. Ra6+ Kg7 48. f5 Kh7 49. Rb6 Kg7 50. h3 Kh7 51. Rb1 Kg7 52. Rh1 Kh7
53. Kh5 Kg7 54. h4 Ra3 55. Rb1 Ra6 56. Rb7 Rf6 57. Rc7 Kh7 58. Rb7 Kg7 59. Rb5
Ra6 60. Rc5 Rb6 61. Rc1 Rf6 62. Rc2 Ra6 63. Rc8 Ra1 64. Rc4 Ra6 65. Rc7 Rf6 66.
Rb7 Kh7 67. Rb5 Ra6 68. g5 hxg5 69. hxg5 Ra1 70. Rb7 Kg8 71. Rb8+ Kg7 72. f6+
Kh7 73. Rf8 Rh1+ 74. Kg4 Rg1+ 75. Kf4 Rf1+ 76. Ke5 Re1+ 77. Kd6 Kg6 78. Rg8+
Kf5 79. Rg7 Re2 80. Kd7 Re5 81. Rg8 Ra5 82. Ke7 Ra7+ 83. Kf8 Ra5 84. Kxf7 Ra7+
85. Kf8 Ke6 86. Rg6 Kf5 87. Rg7 Ra8+ 88. Ke7 Ke5 89. Kd7 1-0

[Event "1. liga V 18/19, Polabiny- RnK"]
[Site ""]
[Date "2018.10.21"]
[Round "1.3"]
[White "Ludvik, Tomas"]
[Black "Fiedorek, Michal"]
[Result "0-1"]
[WhiteElo "2158"]
[BlackElo "2128"]
[PlyCount "0"]
[WhiteTeam "2222 SK Polabiny "C""]
[BlackTeam "Panda Rychnov n. K."]
[EventDate "2018.10.21"]

1. d4 Nf6 2. c4 g6 3. Nc3 Bg7 4. e4 d6 5. Nf3 O-O 6. Be2 Nbd7 7. O-O e5 8. Be3
Qe7 9. Qc2 c6 10. d5 c5 11. a3 Ng4 12. Bd2 f5 13. exf5 gxf5 14. Ng5 Ndf6 15. f3
Nh6 16. Bd3 Ne8 17. Rae1 Nc7 18. Kh1 Kh8 19. f4 e4 20. Ncxe4 fxe4 21. Bxe4 Bd4
22. Nxh7 Rg8 23. Bg6 Qg7 24. Be4 Nf5 25. g4 Qxg4 26. Bc3 Kxh7 27. Bxd4 cxd4 28.
Qd2 Bd7 29. Qxd4 Qg2+ 30. Bxg2 Nxd4 31. Re7+ Rg7 32. Re3 Rag8 33. Be4+ Bf5 34.
Rh3+ Kg6 35. Rg3+ Kf6 36. Rxg7 Bxe4+ 0-1

[Event "1. liga V 18/19, Polabiny- RnK"]
[Site ""]
[Date "2018.10.21"]
[Round "1.4"]
[White "Machlowski, Slawomir"]
[Black "Cerny, David"]
[Result "1/2-1/2"]
[WhiteElo "2097"]
[BlackElo "2039"]
[PlyCount "0"]
[WhiteTeam "Panda Rychnov n. K."]
[BlackTeam "2222 SK Polabiny "C""]
[EventDate "2018.10.21"]

1. g3 g6 2. Bg2 Bg7 3. c4 Nf6 4. Nc3 O-O 5. Nf3 d6 6. O-O e5 7. d3 Nbd7 8. Bd2
Nh5 9. b4 f5 10. Qb3 Kh8 11. Ng5 Ndf6 12. c5 Qe7 13. cxd6 cxd6 14. Nd5 Nxd5 15.
Bxd5 h6 16. Ne6 Bxe6 17. Bxe6 Rae8 18. Bd5 Nf6 19. Rac1 Nxd5 20. Qxd5 Rf7 21.
Be3 a6 22. b5 axb5 23. Qxb5 Qd7 24. Qb3 Kh7 25. Rb1 Qe6 26. Rfc1 Qxb3 27. Rxb3
Ra8 28. Rc2 d5 1/2-1/2

[Event "1. liga V 18/19, Polabiny- RnK"]
[Site ""]
[Date "2018.10.21"]
[Round "1.5"]
[White "Gloser, David"]
[Black "Jonas, Vlastimil"]
[Result "0-1"]
[WhiteElo "1940"]
[BlackElo "2100"]
[PlyCount "0"]
[WhiteTeam "2222 SK Polabiny "C""]
[BlackTeam "Panda Rychnov n. K."]
[EventDate "2018.10.21"]

1. e4 c6 2. d4 d5 3. e5 c5 4. c3 Nc6 5. Nf3 Bg4 6. Be2 e6 7. Be3 Qb6 8. Qd2
Bxf3 9. Bxf3 cxd4 10. Bxd4 Nxd4 11. cxd4 Ne7 12. O-O Nc6 13. Rd1 Be7 14. Nc3
O-O 15. Rac1 Rac8 16. Be2 a6 17. a3 Qa7 18. Bg4 b5 19. Na2 Qb6 20. Rc3 Na5 21.
Rh3 Rc7 22. Qd3 h6 23. b4 Nc4 24. Rb1 Bg5 25. Bd1 Rfc8 26. g3 Nd2 27. Rb2 Ne4
28. Bb3 Nc3 29. f4 Be7 30. f5 Bg5 31. fxe6 Qxe6 32. Kg2 Nxa2 33. Rxa2 Rc3 34.
Qd1 Qf5 35. Re2 Qf3+ 0-1

[Event "1. liga V 18/19, Polabiny- RnK"]
[Site ""]
[Date "2018.10.21"]
[Round "1.6"]
[White "Novotny, Josef"]
[Black "Mojzis, Jaroslav"]
[Result "1/2-1/2"]
[WhiteElo "2010"]
[BlackElo "2094"]
[PlyCount "0"]
[WhiteTeam "Panda Rychnov n. K."]
[BlackTeam "2222 SK Polabiny "C""]
[EventDate "2018.10.21"]

1. e3 Nf6 2. d3 g6 3. Nf3 Bg7 4. Nc3 d6 5. g3 b6 6. Bg2 Bb7 7. O-O c5 8. e4 a6
9. h3 b5 10. Be3 O-O 11. Qd2 Nbd7 12. Bh6 Qc7 13. Rae1 Rfe8 14. Bxg7 Kxg7 15.
Nh4 e6 16. f4 b4 17. Ne2 a5 18. g4 c4 19. dxc4 Qxc4 20. Qxd6 Rad8 21. Ng3 Qxc2
22. Rc1 Qa4 23. Rc7 Qb5 24. Rd1 Ba8 25. g5 Nf8 26. Nhf5+ gxf5 27. Nxf5+ Kg6 28.
Rxf7 Kxf7 29. Qc7+ Rd7 30. Nd6+ Kg6 31. Nxb5 Rxc7 32. Nxc7 Rc8 33. Nxa8 Nh5 34.
Nb6 Rc6 35. Rd8 Nxf4 36. Rxf8 Nxg2 37. Kxg2 Rxb6 38. h4 Rc6 39. Rf6+ Kg7 40.
Kg3 h5 41. Rf2 e5 42. Rd2 a4 43. Kf3 a3 44. Ke2 Rc4 45. Kf3 axb2 46. Rxb2 Rc3+
47. Kg2 Rc4 48. Re2 Rc3 49. Rb2 Rc4 50. Re2 Rc3 1/2-1/2

[Event "1. liga V 18/19, Polabiny- RnK"]
[Site ""]
[Date "2018.10.21"]
[Round "1.7"]
[White "Kourek, Josef"]
[Black "Horak, Jan"]
[Result "1-0"]
[WhiteElo "2095"]
[BlackElo "1921"]
[PlyCount "0"]
[WhiteTeam "2222 SK Polabiny "C""]
[BlackTeam "Panda Rychnov n. K."]
[EventDate "2018.10.21"]

1. d4 e6 2. Nf3 Nf6 3. Bg5 Be7 4. e3 O-O 5. Bd3 d5 6. Nbd2 Nbd7 7. c3 b6 8. h4
Bb7 9. Bxf6 Nxf6 10. Ng5 g6 11. Qc2 Qd6 12. Ndf3 Kg7 13. Ne5 Nd7 14. Nxh7 Rh8
15. Nxf7 Kxf7 16. Bxg6+ Kg7 17. Rh3 Rhg8 18. O-O-O e5 19. Rg3 Kh8 20. Qf5 Rg7
21. Qh5 Nf8 22. Nf6+ Nh7 23. Nxh7 1-0

[Event "1. liga V 18/19, Polabiny- RnK"]
[Site ""]
[Date "2018.10.21"]
[Round "1.8"]
[White "Pavlicek, Miroslav"]
[Black "Vesely, Tomas"]
[Result "0-1"]
[WhiteElo "1984"]
[BlackElo "2076"]
[PlyCount "0"]
[WhiteTeam "Panda Rychnov n. K."]
[BlackTeam "2222 SK Polabiny "C""]
[EventDate "2018.10.21"]

1. d4 e6 2. g3 c5 3. Nf3 b6 4. Bg2 Bb7 5. O-O Nf6 6. Nc3 cxd4 7. Nb5 a6 8.
Nbxd4 d5 9. Bg5 Be7 10. Qd3 Nbd7 11. Bxf6 Bxf6 12. Bh3 O-O 13. Qd2 Re8 14. Rfd1
Qc7 15. Rac1 Rad8 16. c3 g6 17. Nb3 a5 18. Bg2 a4 19. Nbd4 e5 20. Nc2 Nc5 21.
Nb4 e4 22. Nd4 e3 23. fxe3 Bg5 24. Ndc2 d4 25. cxd4 Bxg2 26. Kxg2 Ne4 27. Qe1
Qb7 28. d5 h5 29. Rd4 Bf6 30. Nc6 Rxd5 31. Rxd5 Qxc6 32. Nb4 Qe6 33. Rc6 Qe7
34. Rd3 Ng5 35. Rc4 b5 36. Nd5 Qe6 37. Rb4 Bd8 38. Nf4 Qc6+ 39. Rd5 Ba5 40. Qc3
Qa8 41. Qf6 Nh7 42. Qd4 Bxb4 43. Kg1 Bf8 44. Rxb5 Bg7 45. Qd3 Nf6 46. b3 Rd8
47. Qc2 Ng4 48. bxa4 Nxe3 49. Qb3 Rd1+ 50. Kf2 Ng4# 0-1

[Event "1. liga V 18/19, Kromeriz-Gordic"]
[Site ""]
[Date "2018.10.21"]
[Round "1.1"]
[White "Malinovsky, Karel"]
[Black "Zwardon, Vojtech"]
[Result "1/2-1/2"]
[WhiteElo "2469"]
[BlackElo "2455"]
[PlyCount "0"]
[WhiteTeam "Slavia Kromeriz"]
[BlackTeam "SK Gordic"]
[EventDate "2018.10.21"]

1. e4 c5 2. Nf3 Nc6 3. d4 cxd4 4. Nxd4 g6 5. c4 Nf6 6. Nc3 Nxd4 7. Qxd4 d6 8.
Be2 Bg7 9. Be3 O-O 10. Qd2 Be6 11. Rc1 Qa5 12. b3 Rfc8 13. f3 a6 14. Na4 Qxd2+
15. Kxd2 Nd7 16. g4 f5 17. exf5 gxf5 18. h3 Rf8 19. f4 d5 20. cxd5 Bxd5 21.
Rhd1 Rac8 22. Rxc8 Rxc8 23. Ke1 Be6 24. Bc4 Bxc4 25. Rxd7 Bb5 26. Rxb7 Rc2 27.
Bd2 Rxa2 28. Rxe7 Ra1+ 29. Kf2 Bd4+ 30. Be3 Bf6 31. Rc7 Bh4+ 32. Kf3 Rf1+ 33.
Kg2 Re1 34. Bd4 Bf1+ 35. Kf3 Bxh3 36. gxf5 Bxf5 37. Nc5 h5 38. Rg7+ Kf8 39.
Nd7+ Ke8 40. Nf6+ Bxf6 41. Bxf6 Bg4+ 42. Kf2 Re2+ 43. Kg1 Re4 44. Be5 Re3 45.
b4 1/2-1/2